000 00347nam a2200145Ia 4500
003 OSt
005 20240205142815.0
008 170523s9999 xx 000 0 und d
020 _a978-8121924627
040 _ciimt university meerut
100 _aPARAMAHAMRA FOUNDATION
245 0 _aPRODUCTION MANAGEMENT
260 _bBANGALORE
942 _2ddc
_c02
999 _c305
_d305